000
00309nam a22001337a 4500
008
170405b xxu||||| |||| 00| 0 eng d
020
_a
9789997619273
041
_a
eng
080
_2
7TH
_a
616.34
100
_a
9
101
_a
SHM
245
_a
GASTROINTESTINAL AND LIVER DISEASE
_c
SLEISENGER
942
_2
udc
_c
BK
999
_c
9860
_d
9860